IFM Opac

Introduction to Databases (Record no. 12265)

MARC details
000 -LEADER
fixed length control field 00361nam a2200145 4500
020 ## - INTERNATIONAL STANDARD BOOK NUMBER
International Standard Book Number 8188458902
082 ## - DEWEY DECIMAL CLASSIFICATION NUMBER
Classification number 005.7SHE
100 ## - MAIN ENTRY--PERSONAL NAME
Personal name Sherawat D.S.& Sharma Sanjay.
245 ## - TITLE STATEMENT
Title Introduction to Databases
260 ## - PUBLICATION, DISTRIBUTION, ETC.
Place of publication, distribution, etc. New Delhi
Name of publisher, distributor, etc. S.K.Kataria &Sons.
Date of publication, distribution, etc. 2006
300 ## - PHYSICAL DESCRIPTION
Extent ix,228p
Other physical details :ill.;24cm.
500 ## - GENERAL NOTE
General note Include ,Index
650 ## - SUBJECT ADDED ENTRY--TOPICAL TERM
Topical term or geographic name entry element Databases.
942 ## - ADDED ENTRY ELEMENTS (KOHA)
Koha item type Books
Holdings
Withdrawn status Lost status Source of classification or shelving scheme Damaged status Not for loan Home library Current library Shelving location Date acquired Full call number Barcode Date last seen Price effective from Koha item type
    Dewey Decimal Classification     IFM Main Campus Library IFM Main Campus Library   06/24/2015 005.7SHE 0000029246 06/24/2015 02/19/2022 Books